| 000 | 02680 a2200385 4500 | ||
|---|---|---|---|
| 005 | 20090519103310.0 | ||
| 008 | 090519t xxu||||| |||| 00| 0 eng d | ||
| 010 | _aENG-89654 B-309860-865 | ||
| 020 |
_c475.00 _a0195695763 |
||
| 020 |
_c475.00 _a9780195695762 |
||
| 035 | _aEN-73187 | ||
| 035 | _aB-309860-865 | ||
| 035 | _aB-359135 | ||
| 037 | _bDBAD / PUB | ||
| 037 | _bPansy Books | ||
| 040 |
_adpl _bEnglish |
||
| 082 | _a792.0954 | ||
| 100 | _aDharwadker, Aparna Bhargava | ||
| 245 |
_aTheatres of independence: _cby Aparna Bhargava Dharwadker _bdrama, theory, and urban performance in India since 1947 / |
||
| 260 |
_aNew Delhi _bOxford University Press _c2008 |
||
| 270 |
_aYMCA Library Building, Jai Singh Road _bNew Delhi _cDelhi _e110001 |
||
| 300 |
_axix, 478p.: _c22cm(pbk) _bb&w photos |
||
| 500 | _aIncludes bibliographical references & index | ||
| 942 |
_adpl _cEN _2ddc _h792.0954 _mDHA |
||
| 999 |
_c11086 _d11086 |
||